000 00957cam a2200265 a 4500
001 C00383860c-0
003 CO-ViMGA
005 20230915234534.0
008 010911s2001 ck r 00110dspa d
020 _a9586902641
040 _aCO-ViMGA
_bspa
_cCO-ViMGA
043 _as-ck---
082 0 4 _a364.157
_bE726e
_219 ed.
100 1 _aEscobar López, Edgar.
_98785
245 1 0 _aEstupefacientes :
_bdelitos y contravenciones, estudio técnico y jurídico conforme al nuevo código penal /
_cEdgar Escobar López.
250 _a3a. ed.
260 _aBogotá :
_bEditorial Leyer,
_c2001.
300 _a357 p. ;
_c23 cm.
504 _aIncluye índice.
650 1 4 _aControl de drogas y narcóticos
_x Legislación
_z Colombia.
_98787
650 1 4 _aLegislación sobre narcóticos
_z Colombia.
_98788
650 1 4 _aNarcotráfico
_x Legislación
_z Colombia.
_98786
650 6 _aEstatuto Nacional de Estupefacientes
_z Colombia.
_98789
942 _2ddc
_cBK
999 _c37829
_d37829